[Event "GER-ch Rapid Amateurs"]
[Site "Dinkelsbuehl"]
[Date "2023.11.12"]
[Round "7"]
[White "Grillmaier, Alexander"]
[Black "Sikorra, Philipp"]
[Result "1/2-1/2"]
[WhiteElo "1562"]
[BlackElo "1667"]
[PlyCount "85"]
[EventDate "2023.11.11"]
[EventType "swiss (rapid)"]
[EventRounds "9"]
[EventCountry "GER"]
[SourceTitle "CB47_2023"]
[SourceDate "2023.11.22"]
[SourceVersion "1"]
[SourceVersionDate "2023.11.22"]
[SourceQuality "1"]

1. d4 Nf6 2. Nf3 e6 3. Bg5 Be7 4. e3 0-0 5. Bd3 h6 6. Bh4 b6 7. Nbd2 Bb7 8. 0-0 c5 9. c3 Nc6 10. Ne4 d5 11. Nxf6+ Bxf6 12. Bxf6 Qxf6 13. dxc5 bxc5 14. Bb5 a6 15. Ba4 Rfd8 16. Qb3 Rab8 17. Bxc6 Bxc6 18. Qa3 d4 19. cxd4 Bxf3 20. gxf3 Qxf3 21. e4 Qxa3 22. bxa3 Rxd4 23. f3 Rb2 24. Rfc1 Rdd2 25. Rxc5 Rg2+ 26. Kh1 Rxh2+ 27. Kg1 Rbg2+ 28. Kf1 Rf2+ 29. Kg1 Rxa2 30. Rxa2 Rxa2 31. Ra5 Kh7 32. Rxa6 Kg6 33. Ra7 h5 34. a4 Kf6 35. f4 g5 36. e5+ Kg6 37. fxg5 Kxg5 38. Rxf7 Rxa4 39. Rf6 Rg4+ 40. Kh2 Re4 41. Rxe6 Kf5 42. Rh6 Kxe5 43. Rxh5+ 1/2-1/2

[Event "Davos Challenge op"]
[Site "Davos"]
[Date "2022.06.04"]
[Round "3"]
[White "Sikorra, Philipp"]
[Black "Lipinsky, Markus"]
[Result "1/2-1/2"]
[WhiteElo "1697"]
[BlackElo "2027"]
[PlyCount "65"]
[EventDate "2022.06.03"]
[EventType "swiss"]
[EventRounds "7"]
[EventCountry "SUI"]
[SourceTitle "EXT 2023"]
[Source "ChessBase"]
[SourceDate "2022.10.05"]
[SourceVersion "1"]
[SourceVersionDate "2022.10.05"]
[SourceQuality "1"]

1. e4 c5 2. d4 cxd4 3. c3 Nf6 4. e5 Nd5 5. Nf3 e6 6. Nxd4 Qc7 7. f4 a6 8. Bd3 d6 9. 0-0 Nc6 10. Be4 dxe5 11. Nxc6 bxc6 12. fxe5 Qxe5 13. Qf3 Bc5+ 14. Kh1 0-0 15. Nd2 f5 16. Bxd5 cxd5 17. Nb3 Bd6 18. Bf4 Qxf4 19. Qxf4 Bxf4 20. Rxf4 e5 21. Rb4 f4 22. Re1 e4 23. Nd4 Bg4 24. Rb7 Rae8 25. h3 Bc8 26. Rc7 Rf7 27. Rc5 Bb7 28. Kg1 g5 29. c4 Rd7 30. cxd5 Rxd5 31. Rc7 Rxd4 32. Rxb7 Rd2 33. Rc1 1/2-1/2

[Event "Davos Challenge op"]
[Site "Davos"]
[Date "2022.06.03"]
[Round "1"]
[White "Sikorra, Philipp"]
[Black "Adzic, Slobodan"]
[Result "0-1"]
[WhiteElo "1697"]
[BlackElo "2086"]
[PlyCount "44"]
[EventDate "2022.06.03"]
[EventType "swiss"]
[EventRounds "7"]
[EventCountry "SUI"]
[SourceTitle "CBM 208 Extra"]
[Source "ChessBase"]
[SourceDate "2022.07.31"]
[SourceVersion "1"]
[SourceVersionDate "2022.07.31"]
[SourceQuality "1"]

1. e4 g6 2. Bc4 c6 3. Nc3 Bg7 4. f4 d5 5. exd5 b5 6. Nxb5 cxb5 7. Bxb5+ Bd7 8. Qe2 Nf6 9. Bxd7+ Nbxd7 10. c4 Nc5 11. d3 0-0 12. Nf3 e6 13. Be3 Qa5+ 14. Bd2 Qa6 15. b4 Nb3 16. b5 Qa3 17. Rb1 Qxa2 18. 0-0 exd5 19. Qd1 dxc4 20. dxc4 Nxd2 21. Nxd2 Rfd8 22. Rf2 Ne4 0-1

[Event "Heusenstamm Sparkassen op-B 4th"]
[Site "Heusenstamm"]
[Date "2017.11.25"]
[Round "5"]
[White "Sikorra, Philipp"]
[Black "Weber, Detlef"]
[Result "1-0"]
[WhiteElo "1755"]
[BlackElo "1633"]
[PlyCount "79"]
[EventDate "2017.11.23"]
[EventType "swiss"]
[EventRounds "7"]
[EventCountry "GER"]
[SourceTitle "EXT 2019"]
[Source "ChessBase"]
[SourceDate "2018.10.10"]
[SourceVersion "1"]
[SourceVersionDate "2018.10.10"]
[SourceQuality "1"]

1. e4 e5 2. f4 exf4 3. Nf3 d6 4. d4 Bg4 5. Bc4 Be7 6. Bxf4 Qd7 7. 0-0 Nc6 8. Nc3 0-0-0 9. Nd5 Bf6 10. c3 Nge7 11. Nxf6 gxf6 12. Bxf7 Ng6 13. Bxg6 hxg6 14. Qa4 d5 15. Rae1 dxe4 16. Rxe4 Qf5 17. Nd2 Qd7 18. b4 g5 19. Bg3 f5 20. Rxg4 fxg4 21. b5 Nxd4 22. Qxd4 Qxd4+ 23. cxd4 Rd5 24. Rf7 Rxb5 25. Rxc7+ Kd8 26. Nb3 Re8 27. Rc2 b6 28. Kf2 Rf5+ 29. Kg1 Re7 30. Rd2 Rd7 31. Rf2 Rfd5 32. Kf1 a5 33. a4 Ke7 34. Re2+ Kf7 35. Re5 Kf6 36. Re3 Kg6 37. Re6+ Kf5 38. Rxb6 Ke4 39. Re6+ Kd3 40. Nc5+ 1-0

[Event "Heusenstamm Sparkassen op-B 4th"]
[Site "Heusenstamm"]
[Date "2017.11.23"]
[Round "1"]
[White "Sikorra, Philipp"]
[Black "Moldenhauer, Lennart"]
[Result "1-0"]
[WhiteElo "1755"]
[BlackElo "1502"]
[PlyCount "43"]
[EventDate "2017.11.23"]
[EventType "swiss"]
[EventRounds "7"]
[EventCountry "GER"]
[SourceTitle "EXT 2019"]
[Source "ChessBase"]
[SourceDate "2018.10.10"]
[SourceVersion "1"]
[SourceVersionDate "2018.10.10"]
[SourceQuality "1"]

1. e4 e5 2. f4 Bc5 3. Nf3 Nc6 4. fxe5 Nxe5 5. Nxe5 Qh4+ 6. g3 Qxe4+ 7. Qe2 Qxh1 8. Ng6+ Ne7 9. Nxh8 d6 10. d4 Bxd4 11. Nd2 Be6 12. Nxf7 Kxf7 13. Nf3 Bf6 14. Bd2 Bg4 15. Qc4+ Be6 16. Qe2 Bg4 17. Qc4+ Be6 18. Qf4 Ng6 19. Qe4 Ke7 20. 0-0-0 d5 21. Bb4+ Kd8 22. Qxe6 1-0

[Event "Erfurt HT op 26th"]
[Site "Erfurt"]
[Date "2016.12.27"]
[Round "2"]
[White "Werner, Justus"]
[Black "Sikorra, Philipp"]
[Result "1-0"]
[WhiteElo "1974"]
[BlackElo "1791"]
[PlyCount "114"]
[EventDate "2016.12.26"]
[EventType "swiss"]
[EventRounds "8"]
[EventCountry "GER"]
[SourceTitle "EXT 2018"]
[Source "ChessBase"]
[SourceDate "2017.10.13"]
[SourceVersion "1"]
[SourceVersionDate "2017.10.13"]
[SourceQuality "1"]

1. d4 Nf6 2. c4 g6 3. g3 Bg7 4. Bg2 0-0 5. Nc3 d6 6. e3 c6 7. Nge2 Na6 8. 0-0 Nh5 9. b3 f5 10. Ba3 Re8 11. d5 c5 12. Bb2 Nc7 13. Qd2 Bd7 14. e4 Rf8 15. Rae1 Nf6 16. Nf4 Bh6 17. Qe2 Bxf4 18. gxf4 fxe4 19. Nxe4 Bf5 20. Ng3 e6 21. dxe6 Bxe6 22. Bxb7 Bh3 23. Bg2 Bxg2 24. Kxg2 Re8 25. Qd2 Rxe1 26. Rxe1 Qf8 27. Qc3 Re8 28. f5 Rxe1 29. Qxe1 Nce8 30. Qe6+ Qf7 31. Qxf7+ Kxf7 32. fxg6+ hxg6 33. Kf3 Ke6 34. Kf4 Kf7 35. Ne4 Nxe4 36. Kxe4 Ke6 37. Kf4 Kf7 38. Bc3 Nc7 39. Ke4 Ke6 40. Bb2 d5+ 41. Kd3 Kf5 42. cxd5 Nxd5 43. Kc4 Nf4 44. Ba3 Ne6 45. Bxc5 Nxc5 46. Kxc5 g5 47. b4 g4 48. b5 Kf4 49. a4 Kf3 50. a5 Kxf2 51. b6 axb6+ 52. axb6 Kg2 53. b7 Kxh2 54. b8Q+ g3 55. Kd4 Kh1 56. Qh8+ Kg1 57. Ke3 g2 1-0

[Event "Karl Mala Memorial op-B 17th"]
[Site "Frankfurt"]
[Date "2014.08.02"]
[Round "5"]
[White "Lesny, Florian"]
[Black "Sikorra, Philipp"]
[Result "0-1"]
[WhiteElo "1543"]
[BlackElo "1846"]
[PlyCount "62"]
[EventDate "2014.07.31"]
[EventType "swiss"]
[EventRounds "7"]
[EventCountry "GER"]
[SourceTitle "EXT 2015"]
[Source "ChessBase"]
[SourceDate "2014.11.20"]
[SourceVersion "1"]
[SourceVersionDate "2014.11.20"]
[SourceQuality "1"]

1. e4 Nc6 2. d4 d5 3. e5 Bf5 4. Bd3 Qd7 5. Nf3 Bg4 6. c3 0-0-0 7. Nbd2 f6 8. exf6 exf6 9. 0-0 Bd6 10. Qc2 Nge7 11. a4 Bf5 12. Bxf5 Nxf5 13. b4 g5 14. Qa2 g4 15. Ne1 h5 16. a5 h4 17. b5 Nce7 18. b6 a6 19. Nb3 c6 20. Nd3 Ng6 21. Ndc5 Bxh2+ 22. Kxh2 g3+ 23. Kh1 Qh7 24. Qe2 Rde8 25. Qg4 Nge7 26. f3 h3 27. f4 hxg2+ 28. Kxg2 Qh2+ 29. Kf3 Rhg8 30. Qxg8 Rxg8 31. Ba3 Ng6 0-1

[Event "Karl Mala Memorial op-B 17th"]
[Site "Frankfurt"]
[Date "2014.08.02"]
[Round "4"]
[White "Sikorra, Philipp"]
[Black "Michel, Carsten"]
[Result "1/2-1/2"]
[WhiteElo "1846"]
[BlackElo "1278"]
[PlyCount "88"]
[EventDate "2014.07.31"]
[EventType "swiss"]
[EventRounds "7"]
[EventCountry "GER"]
[SourceTitle "EXT 2015"]
[Source "ChessBase"]
[SourceDate "2014.11.20"]
[SourceVersion "1"]
[SourceVersionDate "2014.11.20"]
[SourceQuality "1"]

1. e4 c5 2. Nc3 Nc6 3. f4 g6 4. Nf3 Bg7 5. Bc4 d6 6. 0-0 e6 7. d3 Nge7 8. Qe1 Nd4 9. Nxd4 Bxd4+ 10. Be3 Bg7 11. Rd1 Bd7 12. d4 cxd4 13. Bxd4 Bxd4+ 14. Rxd4 Qb6 15. Qe3 0-0 16. Rd3 Qxe3+ 17. Rxe3 Rac8 18. Bb3 Bc6 19. g4 d5 20. exd5 Nxd5 21. Nxd5 Bxd5 22. Bxd5 exd5 23. c3 Rfe8 24. Rfe1 Kf8 25. Kf2 h6 26. Re5 Rcd8 27. h4 d4 28. Rxe8+ Rxe8 29. Rxe8+ Kxe8 30. cxd4 f5 31. gxf5 gxf5 32. d5 h5 33. Ke3 Ke7 34. Kd4 Kd6 35. b4 a6 36. a4 b6 37. b5 a5 38. Kc4 Kd7 39. Kd3 Kc7 40. Ke3 Kd7 41. Kd3 Kc7 42. Kc4 Kd7 43. Kd4 Kd6 44. Kc4 Kd7 1/2-1/2